000 00470nam a2200181Ia 4500
005 20250603145416.0
008 250603s9999 xx 000 0 und d
020 _a9781524668020
050 _aJQ 3090 .M68/
100 _aMou, Dan
245 0 _aNational Security, Democracy & good governance in post-military rule Nigeria (Vol. 1)
260 _aBloomington
260 _bAuthorHouse
260 _c2017
300 _a846 p
650 _aBloomington
942 _cBK
999 _c41773
_d41773